На земле грифона (Запись № 10761700)

Подробности
000 -МАРКЕР
контрольное поле 02219nam0a2200385 4500
001 - ИДЕНТИФИКАТОР ЗАПИСИ
контрольное поле RU\NLR\BIBL_A\010944205
005 - ИДЕНТИФИКАТОР ВЕРСИИ
контрольное поле 20260407073326.0
010 ## - МЕЖДУНАРОДНЫЙ СТАНДАРТНЫЙ НОМЕР КНИГИ (ISBN)
Номер (ISBN) 978-5-93572-626-3
Тираж 500
035 ## - ДРУГИЕ СИСТЕМНЫЕ НОМЕРА
Идентификатор записи (NLR Aleph) 010944205
100 ## - ДАННЫЕ ОБЩЕЙ ОБРАБОТКИ
Данные общей обработки 20151224d2015 |||y0rusy50 ca
101 0# - ЯЗЫК РЕСУРСА
Язык текста, звукозаписи и т.д. русский
102 ## - СТРАНА ПУБЛИКАЦИИ ИЛИ ПРОИЗВОДСТВА
Страна публикации Российская Федерация
105 ## - ПОЛЕ КОДИРОВАННЫХ ДАННЫХ: ТЕКСТОВЫЕ МАТЕРИАЛЫ, МОНОГРАФИЧЕСКИЕ
Кодированные данные о монографическом текстовом документе abc|z|||100yy
200 1# - ЗАГЛАВИЕ И СВЕДЕНИЯ ОБ ОТВЕТСТВЕННОСТИ
Основное заглавие На земле грифона
Параллельное заглавие In the land of the gryphon
Сведения, относящиеся к заглавию [по материалам выставки "На земле грифона. Античная археология Эрмитажа в Крыму", 23 октября - 24 января 2026 года]
Первые сведения об ответственности А.М. Бутягин, О.Ю. Соколова, С.Л. Соловьёв
Язык параллельного заглавия английский
210 ## - ПУБЛИКАЦИЯ, РАСПРОСТРАНЕНИЕ И ДР.
Место издания, распространения и т.д. Санкт-Петербург
Имя издателя, распространителя и т. д. Изд-во Государственного Эрмитажа
Дата издания, распространения и т.д. 2015
215 ## - ФИЗИЧЕСКАЯ ХАРАКТЕРИСТИКА
Специфическое обозначение материала и объем 38, [1] с.
Другие сведения о физической характеристике ил., цв. ил., портр.
Размеры 21
300 ## - ОБЩИЕ ПРИМЕЧАНИЯ
Текст примечания На обл. авт. не указаны
300 ## - ОБЩИЕ ПРИМЕЧАНИЯ
Текст примечания В надзаг.: Гос. Эрмитаж
300 ## - ОБЩИЕ ПРИМЕЧАНИЯ
Текст примечания На авантит.: Эрмитаж 250
316 ## - ПРИМЕЧАНИЯ ОБ ОСОБЕННОСТЯХ ЭКЗЕМПЛЯРА
Текст примечания Экслибрис: Дар Эрмитажа
Организация и экземпляр, к которому относится поле NLR
510 1# - ПАРАЛЛЕЛЬНОЕ ЗАГЛАВИЕ
Параллельное заглавие In the land of the gryphon
Язык заглавия английский
606 1# - НАИМЕНОВАНИЕ ТЕМЫ КАК ПРЕДМЕТ
Наименование темы Археологические экспедиции
Формальный подзаголовок Выставки
Географический подзаголовок Крым, республика
Системный номер авторитетной/нормативной записи 2266208
Идентификатор авторитетной/нормативной записи RU\NLR\AUTH\6601587953
686 1# - ИНДЕКСЫ ДРУГИХ КЛАССИФИКАЦИЙ
Индекс Т4е(2)л8
686 1# - ИНДЕКСЫ ДРУГИХ КЛАССИФИКАЦИЙ
Индекс Т4е(2)62
700 #1 - ИМЯ ЛИЦА - ПЕРВИЧНАЯ ОТВЕТСТВЕННОСТЬ
Начальный элемент ввода Бутягин
Часть имени, кроме начального элемента ввода А. М.
Даты 1971-
Расширение инициалов личного имени Александр Михайлович
Системный номер авторитетной/нормативной записи 142418
Идентификатор авторитетной/нормативной записи RU\NLR\AUTH\770142454
701 #1 - ИМЯ ЛИЦА - АЛЬТЕРНАТИВНАЯ ОТВЕТСТВЕННОСТЬ
Графика поля Кириллица
Материалы, к которым относится поле rus
Начальный элемент ввода Соколова
Часть имени, кроме начального элемента ввода О. Ю.
Дополнения к именам, кроме дат археолог
Расширение инициалов личного имени Ольга Юрьевна
Системный номер авторитетной/нормативной записи 153104
Идентификатор авторитетной/нормативной записи RU\NLR\AUTH\770153142
701 #1 - ИМЯ ЛИЦА - АЛЬТЕРНАТИВНАЯ ОТВЕТСТВЕННОСТЬ
Графика поля Кириллица
Материалы, к которым относится поле rus
Начальный элемент ввода Соловьев
Часть имени, кроме начального элемента ввода С. Л.
Дополнения к именам, кроме дат археолог
Расширение инициалов личного имени Сергей Львович
Системный номер авторитетной/нормативной записи 26904
Идентификатор авторитетной/нормативной записи RU\NLR\AUTH\7743962
711 12 - НАИМЕНОВАНИЕ ОРГАНИЗАЦИИ - АЛЬТЕРНАТИВНАЯ ОТВЕТСТВЕННОСТЬ
Начальный элемент ввода "На земле грифона. Античная археология Эрмитажа в Крыму", выставка
Место проведения временной организации Санкт-Петербург
Дата проведения временной организации 2015-2016
Системный номер авторитетной/нормативной записи 499833
Идентификатор авторитетной/нормативной записи RU\NLR\AUTH\880417356
712 02 - НАИМЕНОВАНИЕ ОРГАНИЗАЦИИ - ВТОРИЧНАЯ ОТВЕТСТВЕННОСТЬ
Код отношения Прочие
Начальный элемент ввода Государственный Эрмитаж
Идентифицирующий признак Санкт-Петербург
Системный номер авторитетной/нормативной записи 277747
Идентификатор авторитетной/нормативной записи RU\NLR\AUTH\883267
942 ## - ДОПОЛНИТЕЛЬНЫЕ ЭЛЕМЕНТЫ ЗАПИСИ (АБИС)
Тип экземпляра АБИС Книга
980 ## - КОЛЛЕКЦИЯ
Название коллекции НБР
980 ## - КОЛЛЕКЦИЯ
Название коллекции Национальная библиография
Экземпляры
Тип экземпляра Дата поступления Источник поступления Стоимость Библиотека постоянного хранения Библиотека текущего хранения Место хранения Шифр хранения Штрих-код Статус экземпляра
Книга 24.12.2015 Дар 100.00 РНБ (Московский) РНБ (Московский) Русский книжный фонд: издания с 1957 года 2015-4/17705 1-1225880  
Книга 11.03.2025 Дар 165.00 РНБ (Московский) РНБ (Московский) Русский книжный фонд: издания с 1957 года 2015-4/17705 1-4845531  
Книга 25.01.2016 Дар 100.00 РНБ (Фонтанка) РНБ (Фонтанка) Юношеский читальный зал Ю Т4/Б-93 1-1321127